[Event "27th Capablanca Memorial"]
[Site "Matanzas City CUB"]
[Date "1992.??.??"]
[Round "1"]
[White "Gonzalez Rodriguez, Jorge"]
[Black "Nogueiras Santiago, Jesus"]
[Result "1/2-1/2"]
[WhiteElo "2420"]
[BlackElo "2550"]
[EventDate "1992.05.??"]
[PlyCount "100"]

1.c4 g6 2.Nc3 Bg7 3.g3 e5 4.Bg2 d6 5.e3 f5 6.d3 Nf6 7.Nge2 O-O 8.O-O a5 9.
a3 c6 10.f4 Na6 11.Rb1 Bd7 12.b4 axb4 13.axb4 Kh8 14.Kh1 exf4 15.Nxf4 Nc7 
16.e4 fxe4 17.Nxe4 Bg4 18.Qd2 Nxe4 19.dxe4 g5 20.Nd3 Rxf1+ 21.Bxf1 Qe7 22.
Nf2 Bf3+ 23.Bg2 Bxg2+ 24.Kxg2 h6 25.Bb2 Rd8 26.Ra1 Ne6 27.Ra7 c5 28.Bxg7+ 
Kxg7 29.Qd5 Rd7 30.e5 dxe5 31.Qxe5+ Qf6 32.Ng4 Rd2+ 33.Kg1 Qxe5 34.Nxe5 
cxb4 35.Rxb7+ Kf6 36.Ng4+ Kf5 37.Nxh6+ Ke4 38.Rxb4 Nd4 39.c5 Kd5 40.Ng4 
Kxc5 41.Rb8 Nf3+ 42.Kh1 Kd4 43.Re8 Ra2 44.h3 Rb2 45.Ra8 Ke4 46.Ra4+ Nd4 
47.Ra3 Nb3 48.Nh2 Rb1+ 49.Kg2 Rb2+ 50.Kg1 Rb1+ 1/2-1/2

[Event "27th Capablanca Memorial"]
[Site "Matanzas City CUB"]
[Date "1992.??.??"]
[Round "1"]
[White "Rivera, Alberto"]
[Black "Amura, Claudia"]
[Result "0-1"]
[WhiteElo "2425"]
[BlackElo "2355"]
[EventDate "1992.05.??"]
[PlyCount "148"]

1.d4 d5 2.Nf3 Nf6 3.c4 e6 4.Bg5 Be7 5.e3 O-O 6.Nc3 Nbd7 7.cxd5 Nxd5 8.Bxe7
Qxe7 9.Nxd5 exd5 10.Rc1 c6 11.Bd3 Nf6 12.Qc2 g6 13.O-O Ne8 14.Rfe1 Nd6 15.
Qc5 Qd8 16.Nd2 Bf5 17.Bf1 h5 18.b4 a6 19.a4 Qf6 20.Qc3 Rac8 21.Qb3 b5 22.
Qa2 Nc4 23.Nb3 Rcd8 24.Nc5 Bc8 25.Rcd1 Qg5 26.e4 Bg4 27.Rd3 dxe4 28.Nxe4 
Qe7 29.Qa1 Qxb4 30.axb5 axb5 31.d5 Qb2 32.Qxb2 Nxb2 33.Rb3 Nc4 34.dxc6 Rc8
35.Bxc4 bxc4 36.Rb6 Rfd8 37.f3 Be6 38.Rc1 Kg7 39.Nc3 Rd6 40.Nb5 Rdxc6 41.
Rxc6 Rxc6 42.Nd4 Rc8 43.Nxe6+ fxe6 44.Kf2 Kf6 45.Ke3 Ke5 46.Kd2 Kd4 47.Ra1
Rb8 48.Kc2 Rb3 49.Ra8 Rc3+ 50.Kd2 Rd3+ 51.Ke2 Kc3 52.f4 Rd2+ 53.Kf3 Kb2 
54.Rb8+ Kc2 55.Rb6 c3 56.Rxe6 Kd1 57.Rxg6 c2 58.Rc6 c1=Q 59.Rxc1+ Kxc1 60.
g4 hxg4+ 61.Kxg4 Kc2 62.Kf5 Kd3 63.h4 Kd4 64.h5 Kd5 65.h6 Rh2 66.Kg6 Ke6 
67.h7 Rg2+ 68.Kh6 Kf7 69.h8=N+ Kf6 70.Kh7 Rg7+ 71.Kh6 Rg4 72.Kh7 Rxf4 73.
Kg8 Rg4+ 74.Kh7 Rg1 0-1

[Event "27th Capablanca Memorial"]
[Site "Matanzas City CUB"]
[Date "1992.??.??"]
[Round "1"]
[White "Calderin, Roberto"]
[Black "Diaz Diaz, Joaquin"]
[Result "0-1"]
[WhiteElo "2415"]
[BlackElo "2455"]
[EventDate "1992.05.??"]
[PlyCount "90"]

1.d4 d5 2.Nf3 Bf5 3.e3 e6 4.c4 c6 5.Nc3 Nf6 6.Nh4 Bg4 7.Qb3 Qb6 8.c5 Qc7 
9.f3 Bh5 10.g4 Bg6 11.g5 Nfd7 12.Nxg6 hxg6 13.f4 b6 14.cxb6 Qxb6 15.Bd2 
Qxb3 16.axb3 Nb6 17.Na4 N8d7 18.Nxb6 Nxb6 19.Bd3 Bd6 20.O-O Kd7 21.Rfc1 
Rhb8 22.Ra6 Nc8 23.b4 Bxb4 24.Bxb4 Rxb4 25.Raxc6 Ne7 26.Rc7+ Kd8 27.R7c2 
Rc8 28.Rxc8+ Nxc8 29.Rc2 Rb3 30.Ba6 Nd6 31.Kf2 Nf5 32.Rc8+ Kd7 33.Ra8 
Rxb2+ 34.Kf3 Ra2 35.Bb5+ Kc7 36.Rf8 Nd6 37.Be8 Kd8 38.Bc6+ Ke7 39.Ra8 Ra3 
40.Rb8 Ra6 41.Ba8 Rb6 42.Rxb6 axb6 43.Bc6 b5 44.Ke2 Kd8 45.e4 Nxe4 0-1

[Event "27th Capablanca Memorial"]
[Site "Matanzas City CUB"]
[Date "1992.??.??"]
[Round "1"]
[White "Sisniega Campbell, Marcel"]
[Black "Urday Caceres, Henry"]
[Result "1/2-1/2"]
[WhiteElo "2525"]
[BlackElo "2480"]
[EventDate "1992.05.??"]
[PlyCount "102"]

1.c4 e5 2.Nc3 Nf6 3.g3 d5 4.cxd5 Nxd5 5.Bg2 Ne7 6.Nf3 Nbc6 7.b4 a6 8.Bb2 
g6 9.O-O Bg7 10.a3 O-O 11.d3 h6 12.Rc1 Bg4 13.Ne4 b6 14.Rc2 Qd7 15.Qa1 f6 
16.Rfc1 Rac8 17.Ned2 Be6 18.d4 exd4 19.Nxd4 Nxd4 20.Bxd4 Bd5 21.Bxd5+ Nxd5
22.Qa2 Kh7 23.Qc4 Rfd8 24.Nf3 Qf5 25.Bb2 b5 26.Qb3 Re8 27.Nd4 Qd7 28.Nc6 
Qe6 29.Rd1 Nb6 30.Qxe6 Rxe6 31.Na5 f5 32.Bxg7 Kxg7 33.Rdc1 Nd5 34.Rc5 Ne7 
35.e3 c6 36.Rd1 Rc7 37.Rd8 Nc8 38.Kf1 Nb6 39.Ke2 Na4 40.Rc2 c5 41.bxc5 
Rxc5 42.Rc8 Rxc8 43.Rxc8 Nb6 44.Rc7+ Kf6 45.Nb3 Nd5 46.Ra7 b4 47.axb4 Nxb4
48.h4 Rb6 49.Nd4 Nc6 50.Nxc6 Rxc6 51.Kf3 h5 1/2-1/2

[Event "27th Capablanca Memorial"]
[Site "Matanzas City CUB"]
[Date "1992.??.??"]
[Round "1"]
[White "Rodriguez Cespedes, Amador"]
[Black "Lima, Darcy"]
[Result "1/2-1/2"]
[WhiteElo "2495"]
[BlackElo "2440"]
[EventDate "1992.05.??"]
[PlyCount "56"]

1.e4 e5 2.Nf3 Nc6 3.Nc3 g6 4.d4 exd4 5.Nxd4 Bg7 6.Be3 Nf6 7.Qd2 O-O 8.
O-O-O Ng4 9.Nxc6 bxc6 10.Bd4 Bxd4 11.Qxd4 Qf6 12.h3 Qxd4 13.Rxd4 Nxf2 14.
Rg1 f5 15.exf5 Rxf5 16.g4 Rf8 17.Bg2 Rb8 18.Re1 c5 19.Rd2 Bb7 20.Bxb7 Rxb7
21.Rxd7 Nxh3 22.Ne4 Rf7 23.Rd8+ Kg7 24.Nxc5 Rb4 25.Ne6+ Kf6 26.Re8 Nf4 27.
Rf1 g5 28.Re1 Nxe6 1/2-1/2

[Event "27th Capablanca Memorial"]
[Site "Matanzas City CUB"]
[Date "1992.??.??"]
[Round "2"]
[White "Lima, Darcy"]
[Black "Calderin, Roberto"]
[Result "1/2-1/2"]
[WhiteElo "2440"]
[BlackElo "2415"]
[EventDate "1992.05.??"]
[PlyCount "53"]

1.g3 g6 2.Bg2 Bg7 3.e4 d6 4.Ne2 Nf6 5.O-O O-O 6.Nbc3 e5 7.d3 Nc6 8.h3 Rb8 
9.Be3 b5 10.Qd2 b4 11.Nd5 Nxd5 12.exd5 Nd4 13.Nxd4 exd4 14.Bg5 Bf6 15.h4 
Rb5 16.Qf4 Bxg5 17.hxg5 a5 18.a4 Rc5 19.Rac1 Bb7 20.Qxd4 Qxg5 21.c4 bxc3 
22.Rxc3 Rxc3 23.bxc3 Re8 24.Qc4 Qd8 25.Rb1 Qa8 26.Qd4 c5 27.dxc6 1/2-1/2

[Event "27th Capablanca Memorial"]
[Site "Matanzas City CUB"]
[Date "1992.??.??"]
[Round "2"]
[White "Amura, Claudia"]
[Black "Gonzalez Rodriguez, Jorge"]
[Result "0-1"]
[WhiteElo "2355"]
[BlackElo "2420"]
[EventDate "1992.05.??"]
[PlyCount "56"]

1.d4 Nf6 2.c4 g6 3.Nc3 c5 4.d5 e5 5.e4 d6 6.Be2 h5 7.g3 Bh6 8.f4 Nbd7 9.
Nf3 Qe7 10.Qc2 h4 11.Bd2 a6 12.O-O-O exf4 13.gxf4 Nh5 14.e5 Nxf4 15.exd6 
Nxe2+ 16.Nxe2 Qxd6 17.Bxh6 Rxh6 18.Qd2 Rh8 19.Nc3 Nf6 20.Nxh4 Bg4 21.Rde1+
Kf8 22.h3 Bd7 23.Qf2 Kg7 24.Rhf1 Rae8 25.Ne4 Rxe4 26.Rxe4 Nxe4 27.Qxf7+ 
Kh6 28.Rf4 Be8 0-1

[Event "27th Capablanca Memorial"]
[Site "Matanzas City CUB"]
[Date "1992.??.??"]
[Round "2"]
[White "Sisniega Campbell, Marcel"]
[Black "Pupo, Emilio"]
[Result "1-0"]
[WhiteElo "2525"]
[BlackElo "2395"]
[EventDate "1992.05.??"]
[PlyCount "99"]

1.d4 Nf6 2.Nf3 g6 3.c4 Bg7 4.g3 O-O 5.Bg2 d6 6.O-O Nbd7 7.Nc3 e5 8.h3 exd4
9.Nxd4 Re8 10.Qc2 Nc5 11.Rd1 Bd7 12.Kh2 Qc8 13.e4 a6 14.Be3 Re5 15.Bf4 Re8
16.Rac1 h6 17.b4 Ne6 18.Nxe6 Bxe6 19.Nd5 Nd7 20.Qd2 g5 21.Be3 Qd8 22.f4 g4
23.h4 c6 24.f5 Bxd5 25.exd5 Be5 26.Bf4 c5 27.bxc5 Nxc5 28.Bxe5 Rxe5 29.
Qxh6 Qf8 30.Qh5 Qg7 31.Rd4 Rxf5 32.Qxf5 Qxd4 33.Rf1 Rf8 34.Rf4 Qe5 35.
Qxg4+ Qg7 36.Qh5 Qh7 37.Qg5+ Qg6 38.Qe7 f5 39.Bh3 Rf7 40.Qe8+ Kg7 41.h5 
Qxh5 42.Rh4 Qg5 43.Qh8+ Kg6 44.Qg8+ Rg7 45.Qf8 Ne4 46.Bxf5+ Qxf5 47.Rh6+ 
Kxh6 48.Qxf5 Nxg3 49.Qf6+ Kh7 50.Qxd6 1-0

[Event "27th Capablanca Memorial"]
[Site "Matanzas City CUB"]
[Date "1992.??.??"]
[Round "2"]
[White "Diaz Diaz, Joaquin"]
[Black "Rivera, Alberto"]
[Result "1/2-1/2"]
[WhiteElo "2455"]
[BlackElo "2425"]
[EventDate "1992.05.??"]
[PlyCount "75"]

1.e4 e5 2.Nf3 Nc6 3.Bb5 a6 4.Ba4 Nf6 5.O-O Be7 6.Bxc6 dxc6 7.Qe1 Nd7 8.b3 
c5 9.Bb2 f6 10.Nc3 Nb8 11.Nd5 Be6 12.Ne3 Nc6 13.d3 Qd7 14.Rd1 Nb4 15.a3 
Nc6 16.Nd2 g5 17.Ndc4 a5 18.a4 b6 19.Qe2 h5 20.c3 O-O-O 21.f3 Kb8 22.Rd2 
Bf8 23.Rdd1 Rh7 24.Rf2 Qe8 25.Nf5 Rhd7 26.Bc1 Ne7 27.Nxe7 Qxe7 28.Qc2 Bf7 
29.Ne3 Qd6 30.Nf5 Qe6 31.c4 Bg6 32.g4 Rh7 33.h3 Qd7 34.Rh2 Bxf5 35.gxf5 
Bh6 36.Be3 Rg8 37.Qd2 Bf8 38.Qe2 1/2-1/2

[Event "27th Capablanca Memorial"]
[Site "Matanzas City CUB"]
[Date "1992.??.??"]
[Round "2"]
[White "Nogueiras Santiago, Jesus"]
[Black "Hernandez, Gilberto"]
[Result "1-0"]
[WhiteElo "2550"]
[BlackElo "2495"]
[EventDate "1992.05.??"]
[PlyCount "85"]

1.Nf3 c5 2.e3 Nf6 3.d4 g6 4.dxc5 Qa5+ 5.Nbd2 Bg7 6.a3 Qxc5 7.b4 Qc7 8.Bb2 
O-O 9.c4 d6 10.Be2 Nbd7 11.O-O b6 12.Nd4 Bb7 13.Nb5 Qb8 14.Qb3 a6 15.Nc3 
e6 16.Rad1 Rd8 17.e4 Ne5 18.f4 Neg4 19.Ncb1 b5 20.Bxg4 Nxg4 21.Bxg7 Kxg7 
22.Qc3+ f6 23.h3 Qa7+ 24.c5 dxc5 25.bxc5 Nh6 26.Qe3 Nf7 27.Nb3 Kg8 28.Na5 
Rac8 29.Rxd8+ Nxd8 30.Rc1 Ba8 31.Nd2 Nf7 32.Rc3 e5 33.Ndb3 Qe7 34.f5 Ng5 
35.Nd2 Kg7 36.h4 Nf7 37.c6 Nd6 38.Qc5 Qc7 39.fxg6 hxg6 40.Rd3 Qxa5 41.Rxd6
Rxc6 42.Rd7+ Kg8 43.Qe7 1-0

[Event "27th Capablanca Memorial"]
[Site "Matanzas City CUB"]
[Date "1992.??.??"]
[Round "2"]
[White "Urday Caceres, Henry"]
[Black "Gonzalez Bautista, Juan"]
[Result "1-0"]
[WhiteElo "2480"]
[BlackElo "2380"]
[EventDate "1992.05.??"]
[PlyCount "79"]

1.d4 Nf6 2.Nf3 e6 3.e3 b6 4.Bd3 Bb7 5.O-O c5 6.b3 Be7 7.Bb2 O-O 8.c4 cxd4 
9.exd4 d5 10.Nbd2 Nc6 11.Rc1 Rc8 12.Qe2 Bb4 13.a3 Bxd2 14.Qxd2 Na5 15.Qd1 
dxc4 16.bxc4 Nh5 17.Re1 Nf4 18.Bf1 Qf6 19.Ne5 Rfd8 20.Re3 Qf5 21.Rg3 h5 
22.Nf3 f6 23.Nh4 Qh7 24.Qe1 Kf7 25.Re3 g5 26.Nf3 Re8 27.h4 g4 28.Nd2 Ng6 
29.g3 f5 30.Bd3 Qh6 31.d5 exd5 32.Bxf5 Rxe3 33.fxe3 Re8 34.Qf2 Kg8 35.cxd5
Bxd5 36.Rc7 Ne7 37.Ne4 Bxe4 38.Bxe4 Qd6 39.Bh7+ Kxh7 40.Qf7+ 1-0

[Event "27th Capablanca Memorial"]
[Site "Matanzas City CUB"]
[Date "1992.??.??"]
[Round "3"]
[White "Hernandez, Gilberto"]
[Black "Amura, Claudia"]
[Result "1-0"]
[WhiteElo "2495"]
[BlackElo "2355"]
[EventDate "1992.05.??"]
[PlyCount "87"]

1.c4 Nf6 2.Nc3 g6 3.e4 d6 4.d4 Bg7 5.Be2 O-O 6.Nf3 e5 7.O-O Nc6 8.d5 Ne7 
9.Nd2 a5 10.Rb1 Nd7 11.a3 f5 12.b4 Kh8 13.f3 Ng8 14.c5 axb4 15.axb4 dxc5 
16.bxc5 Nxc5 17.Nc4 fxe4 18.fxe4 Rxf1+ 19.Qxf1 Na4 20.Nxa4 Rxa4 21.Bb2 Qe7
22.d6 cxd6 23.Nb6 Rxe4 24.Nxc8 Qd8 25.Na7 Qb6+ 26.Qf2 Qb3 27.Bd1 Qb4 28.
Bc2 Rf4 29.Qe3 Qa5 30.Bc3 Qa2 31.Bd3 Bh6 32.Qb6 Qd5 33.Qb5 Rd4 34.Qxd5 
Rxd5 35.Be4 Be3+ 36.Kf1 Rc5 37.Nb5 b6 38.Ba1 Nf6 39.Nxd6 Nxe4 40.Nxe4 Ra5 
41.Ke2 Bf4 42.h3 Ra2+ 43.Kf3 Ra3+ 44.Bc3 1-0

[Event "27th Capablanca Memorial"]
[Site "Matanzas City CUB"]
[Date "1992.??.??"]
[Round "3"]
[White "Gonzalez Bautista, Juan"]
[Black "Nogueiras Santiago, Jesus"]
[Result "1-0"]
[WhiteElo "2380"]
[BlackElo "2550"]
[EventDate "1992.05.??"]
[PlyCount "107"]

1.d4 d5 2.c4 e6 3.Nc3 Nf6 4.Bg5 Be7 5.e3 Nbd7 6.Rc1 h6 7.Bh4 O-O 8.Nf3 b6 
9.cxd5 exd5 10.Bd3 Bb7 11.Qc2 c5 12.O-O Nh5 13.Bxe7 Qxe7 14.Rfe1 Nhf6 15.
Bf5 Rfd8 16.Qa4 c4 17.b3 cxb3 18.Qxb3 Nb8 19.Ne5 Nc6 20.Nxc6 Bxc6 21.Rc2 
Qb7 22.Rec1 Qa6 23.a4 Qa5 24.g3 a6 25.Rb2 Rab8 26.Qb4 Qxb4 27.Rxb4 Rd6 28.
Rcb1 Bd7 29.Bd3 a5 30.R4b3 Rc8 31.f3 Rdc6 32.Ne2 Re6 33.Bf5 Rd6 34.Bxd7 
Nxd7 35.Rc3 Rxc3 36.Nxc3 Nf6 37.Rb5 Kf8 38.Kf2 Ke7 39.Ke2 Kd7 40.Kd3 Kc6 
41.e4 dxe4+ 42.fxe4 Ne8 43.e5 Rd8 44.d5+ Kb7 45.Rb1 f6 46.e6 Nd6 47.g4 Nc8
48.Rd1 b5 49.axb5 Nd6 50.Ne4 Nxb5 51.Kc4 Kb6 52.Rb1 Rc8+ 53.Kd3 a4 54.
Rxb5+ 1-0

[Event "27th Capablanca Memorial"]
[Site "Matanzas City CUB"]
[Date "1992.??.??"]
[Round "3"]
[White "Pupo, Emilio"]
[Black "Urday Caceres, Henry"]
[Result "0-1"]
[WhiteElo "2395"]
[BlackElo "2480"]
[EventDate "1992.05.??"]
[PlyCount "70"]

1.e4 c5 2.Nf3 Nc6 3.d4 cxd4 4.Nxd4 Qb6 5.Nb3 Nf6 6.Nc3 e6 7.Bd3 Be7 8.O-O 
d6 9.Be3 Qc7 10.f4 a6 11.Na4 Nd7 12.c4 b6 13.Nd4 Bf6 14.Nxc6 Qxc6 15.Rc1 
Bb7 16.b4 O-O 17.Rf2 Rfd8 18.Qb3 Rac8 19.Rfc2 g6 20.Kh1 Qc7 21.a3 Rb8 22.
Rd1 Bc6 23.Nc3 Qa7 24.Rcd2 Qa8 25.Bb1 Be7 26.f5 exf5 27.exf5 Ne5 28.Bf4 g5
29.Bg3 Bf6 30.Nd5 Bxd5 31.Rxd5 Rbc8 32.Bxe5 dxe5 33.c5 bxc5 34.bxc5 Rxd5 
35.Rxd5 Rb8 0-1

[Event "27th Capablanca Memorial"]
[Site "Matanzas City CUB"]
[Date "1992.??.??"]
[Round "3"]
[White "Rivera, Alberto"]
[Black "Lima, Darcy"]
[Result "1/2-1/2"]
[WhiteElo "2425"]
[BlackElo "2440"]
[EventDate "1992.05.??"]
[PlyCount "121"]

1.d4 d5 2.Nf3 c5 3.c4 dxc4 4.d5 Nf6 5.Nc3 e6 6.e4 exd5 7.exd5 Bd6 8.Bxc4 
O-O 9.O-O a6 10.a4 Bg4 11.h3 Bh5 12.Bg5 Re8 13.Qd3 Bxf3 14.Qxf3 Nbd7 15.
Qd1 h6 16.Be3 Rxe3 17.fxe3 Qe7 18.Qe2 Qe5 19.g4 Qg3+ 20.Qg2 Qxe3+ 21.Kh1 
Qd4 22.Ba2 Re8 23.Rad1 Qb4 24.Bb1 Re3 25.Rd3 Rxd3 26.Bxd3 Ne5 27.Rd1 Qf4 
28.Rf1 Qd4 29.Bb1 Nc4 30.Re1 Kf8 31.Ne4 Nxe4 32.Qxe4 Qxe4+ 33.Bxe4 Nxb2 
34.Rb1 Nxa4 35.Rxb7 c4 36.Rd7 Nc5 37.Rxd6 Nxe4 38.Rxa6 Ke7 39.Kg2 c3 40.
Kf3 c2 41.Rc6 Nf6 42.Rxc2 Nxd5 43.Ke4 Nf6+ 44.Kf5 g6+ 45.Kf4 Kf8 46.Rc6 
Kg7 47.Rd6 Ne8 48.Rc6 Nf6 49.Ke5 Nd7+ 50.Kd6 Nf6 51.Rc4 Ng8 52.Rf4 Nf6 53.
Rf1 Ng8 54.Ke5 Ne7 55.h4 Ng8 56.Rf2 Ne7 57.Rf1 Ng8 58.Rf3 Ne7 59.Ra3 Ng8 
60.Ra6 Ne7 61.Rd6 1/2-1/2

[Event "27th Capablanca Memorial"]
[Site "Matanzas City CUB"]
[Date "1992.??.??"]
[Round "3"]
[White "Gonzalez Rodriguez, Jorge"]
[Black "Diaz Diaz, Joaquin"]
[Result "0-1"]
[WhiteElo "2420"]
[BlackElo "2455"]
[EventDate "1992.05.??"]
[PlyCount "66"]

1.c4 e6 2.d4 d5 3.Nc3 Nf6 4.Bf4 dxc4 5.e4 Bb4 6.f3 b5 7.a4 c6 8.axb5 cxb5 
9.Bxb8 Rxb8 10.Rxa7 Ba5 11.e5 Nd5 12.Qa1 Bxc3+ 13.bxc3 O-O 14.Nh3 b4 15.
cxb4 Rxb4 16.Be2 Qh4+ 17.Nf2 c3 18.O-O Qxd4 19.Bd3 Rb2 20.Ra4 Nb4 21.Be4 
Bd7 22.Ra5 Bc6 23.Qe1 Rd8 24.Bxc6 Nxc6 25.Ra3 Rd2 26.Kh1 c2 27.Ra1 Nxe5 
28.h3 h6 29.Rc1 Rxf2 30.Qxf2 Qxf2 31.Rxf2 Rd1+ 32.Rf1 Rxf1+ 33.Rxf1 Nd3 
0-1

[Event "27th Capablanca Memorial"]
[Site "Matanzas City CUB"]
[Date "1992.??.??"]
[Round "3"]
[White "Rodriguez Cespedes, Amador"]
[Black "Sisniega Campbell, Marcel"]
[Result "1/2-1/2"]
[WhiteElo "2495"]
[BlackElo "2525"]
[EventDate "1992.05.??"]
[PlyCount "86"]

1.e4 e5 2.Nf3 Nc6 3.Bb5 a6 4.Ba4 Nf6 5.O-O Be7 6.Qe2 b5 7.Bb3 O-O 8.c3 d6 
9.d4 Bg4 10.Rd1 exd4 11.cxd4 d5 12.e5 Ne4 13.Nc3 Nxc3 14.bxc3 Qd7 15.h3 
Bf5 16.g4 Bg6 17.Ne1 Na5 18.f4 Nxb3 19.axb3 Be4 20.Nd3 f5 21.Nf2 a5 22.
Nxe4 fxe4 23.Be3 Qc6 24.Rdc1 Qb6 25.Qf2 a4 26.b4 Qh6 27.Kh2 Bg5 28.Rf1 
Rxf4 29.Bxf4 Rf8 30.Kg2 Bxf4 31.Ra2 c6 32.Qe1 e3 33.Re2 Qg6 34.Qb1 Qg5 35.
Ra2 h5 36.Qd1 Qh4 37.Qe1 Qg5 38.Qd1 Qh4 39.Qe1 Qe7 40.Qd1 Qg5 41.Qe2 Qg6 
42.Qc2 Qh6 43.Qe2 Qg6 1/2-1/2

[Event "27th Capablanca Memorial"]
[Site "Matanzas City CUB"]
[Date "1992.??.??"]
[Round "4"]
[White "Sisniega Campbell, Marcel"]
[Black "Calderin, Roberto"]
[Result "1/2-1/2"]
[WhiteElo "2525"]
[BlackElo "2415"]
[EventDate "1992.05.??"]
[PlyCount "71"]

1.c4 e6 2.g3 d5 3.Bg2 Nf6 4.Nf3 c6 5.b3 Bd6 6.d4 a5 7.O-O O-O 8.Ba3 Bxa3 
9.Nxa3 Qe7 10.Nb1 b5 11.Nbd2 Nbd7 12.Qc2 Ba6 13.c5 b4 14.Rfe1 Bb5 15.a4 
bxa3 16.Rxa3 Qd8 17.e4 Nxe4 18.Nxe4 dxe4 19.Qxe4 Nf6 20.Qc2 Nd5 21.h4 h6 
22.Ne5 Qc7 23.Bxd5 exd5 24.Qd2 Rfe8 25.Re3 f6 26.Ng6 Qd7 27.Ra1 Rxe3 28.
Qxe3 Re8 29.Qf4 h5 30.Qd2 Qf5 31.Nf4 g5 32.Re1 Rxe1+ 33.Qxe1 gxf4 34.Qe8+ 
Kg7 35.Qe7+ Kg6 36.Qe8+ 1/2-1/2

[Event "27th Capablanca Memorial"]
[Site "Matanzas City CUB"]
[Date "1992.??.??"]
[Round "4"]
[White "Lima, Darcy"]
[Black "Gonzalez Rodriguez, Jorge"]
[Result "1-0"]
[WhiteElo "2440"]
[BlackElo "2420"]
[EventDate "1992.05.??"]
[PlyCount "121"]

1.d4 Nf6 2.c4 g6 3.Nc3 Bg7 4.e4 O-O 5.Nf3 d6 6.h3 e5 7.d5 Ne8 8.g4 f5 9.
gxf5 gxf5 10.exf5 Bxf5 11.Be3 Nd7 12.Ng5 Nc5 13.b4 e4 14.Rc1 Nd3+ 15.Bxd3 
exd3 16.Ne6 Bxe6 17.dxe6 Qe7 18.Qxd3 Qxe6 19.Qd5 Qxd5 20.Nxd5 c6 21.Nf4 
Nc7 22.Rg1 Kf7 23.Ke2 Rfe8 24.Rcd1 Ne6 25.Kf3 Be5 26.Rg4 Kf8 27.Nh5 a5 28.
b5 cxb5 29.cxb5 Nc7 30.Kg2 Ke7 31.Nf4 Rg8 32.Rc1 Ne6 33.Nd5+ Kf7 34.f4 h5 
35.Rxg8 Rxg8+ 36.Kf3 Bb2 37.Rc2 Ba3 38.f5 Nc5 39.Bf4 Rd8 40.Be3 Rd7 41.Nb6
Re7 42.Nc4 Nd3 43.Nxa3 Ne1+ 44.Kf4 Nxc2 45.Nxc2 Rc7 46.Nd4 Rc4 47.h4 Ra4 
48.Ke4 Rxa2 49.Nf3 Ra4+ 50.Bd4 Rb4 51.Ng5+ Kf8 52.Kd5 a4 53.f6 Rb1 54.Kxd6
b6 55.Ke6 Re1+ 56.Be5 Rf1 57.Bd6+ Kg8 58.f7+ Kg7 59.Be5+ Kg6 60.Nh3 a3 61.
Bf4 1-0

[Event "27th Capablanca Memorial"]
[Site "Matanzas City CUB"]
[Date "1992.??.??"]
[Round "4"]
[White "Pupo, Emilio"]
[Black "Rodriguez Cespedes, Amador"]
[Result "1/2-1/2"]
[WhiteElo "2395"]
[BlackElo "2495"]
[EventDate "1992.05.??"]
[PlyCount "50"]

1.e4 e5 2.Nf3 Nc6 3.Bb5 a6 4.Ba4 Nf6 5.O-O b5 6.Bb3 Bb7 7.d3 Be7 8.c4 bxc4
9.Bxc4 O-O 10.Nc3 d6 11.b4 Nd7 12.Nd5 Nb6 13.Bb3 Nxd5 14.Bxd5 Qc8 15.Be3 
Nd8 16.d4 Bxd5 17.exd5 e4 18.Nd2 f5 19.f4 exf3 20.Nxf3 Qb7 21.Qb3 f4 22.
Bd2 Rf5 23.Rae1 Kf8 24.Qc2 Qxd5 25.Qxc7 Nc6 1/2-1/2

[Event "27th Capablanca Memorial"]
[Site "Matanzas City CUB"]
[Date "1992.??.??"]
[Round "4"]
[White "Urday Caceres, Henry"]
[Black "Nogueiras Santiago, Jesus"]
[Result "1-0"]
[WhiteElo "2480"]
[BlackElo "2550"]
[EventDate "1992.05.??"]
[PlyCount "81"]

1.c4 g6 2.Nc3 Bg7 3.d4 Nf6 4.Nf3 d6 5.h3 O-O 6.Bf4 c5 7.e3 Nc6 8.d5 e5 9.
Bg5 Ne7 10.g4 h6 11.Bh4 Nh7 12.e4 f5 13.gxf5 gxf5 14.Nd2 Bf6 15.Rg1+ Kh8 
16.Qh5 Bxh4 17.Qxh4 Rf6 18.Bd3 Qf8 19.exf5 Bxf5 20.Bxf5 Nxf5 21.Qh5 Nd4 
22.O-O-O Rf5 23.Qg6 Rf6 24.Qh5 Rf5 25.Qg6 Rf6 26.Qh5 Rxf2 27.Rg6 Nf5 28.
Nce4 Rf4 29.Nxd6 Nxd6 30.Qxe5+ Rf6 31.Rf1 Qe8 32.Qxf6+ Nxf6 33.Rgxf6 Rd8 
34.Rxh6+ Kg7 35.Rh4 Nf7 36.Re4 Qh8 37.Re7 Rf8 38.Rg1+ Kh6 39.Rg4 Kh5 40.
Ne4 Qd4 41.Ng3+ 1-0

[Event "27th Capablanca Memorial"]
[Site "Matanzas City CUB"]
[Date "1992.??.??"]
[Round "4"]
[White "Amura, Claudia"]
[Black "Gonzalez Bautista, Juan"]
[Result "1/2-1/2"]
[WhiteElo "2355"]
[BlackElo "2380"]
[EventDate "1992.05.??"]
[PlyCount "89"]

1.d4 e6 2.c4 Nf6 3.Nc3 Bb4 4.Qc2 Nc6 5.Nf3 d6 6.Bg5 h6 7.Bd2 O-O 8.e3 Re8 
9.Be2 a5 10.O-O e5 11.d5 Ne7 12.e4 Bg4 13.a3 Bxc3 14.Bxc3 Nd7 15.Ne1 Bxe2 
16.Qxe2 Ng6 17.g3 Qg5 18.Kh1 f5 19.f3 fxe4 20.fxe4 Rf8 21.Nd3 Rxf1+ 22.
Rxf1 Ne7 23.Rf3 b6 24.Bd2 Qg6 25.Qg2 Nf6 26.Nf2 Rf8 27.Kg1 a4 28.g4 Nd7 
29.Rxf8+ Kxf8 30.h4 Ke8 31.h5 Qf7 32.Kf1 Nc5 33.Ke2 Nb3 34.Be3 Kd8 35.Qh3 
Nd4+ 36.Bxd4 exd4 37.Qf3 Qxf3+ 38.Kxf3 c5 39.Nd3 Ng8 40.e5 dxe5 41.Nxe5 
Nf6 42.Kf4 Ke7 43.Kf5 Kd6 44.Nf7+ Ke7 45.Ne5 1/2-1/2

[Event "27th Capablanca Memorial"]
[Site "Matanzas City CUB"]
[Date "1992.??.??"]
[Round "4"]
[White "Diaz Diaz, Joaquin"]
[Black "Hernandez, Gilberto"]
[Result "1/2-1/2"]
[WhiteElo "2455"]
[BlackElo "2495"]
[EventDate "1992.05.??"]
[PlyCount "68"]

1.e4 c5 2.Nf3 Nc6 3.d4 cxd4 4.Nxd4 g6 5.Nc3 Bg7 6.Be3 Nf6 7.Bc4 O-O 8.Bb3 
d6 9.h3 Bd7 10.O-O a6 11.Re1 b5 12.Nd5 e6 13.Nxc6 Bxc6 14.Bb6 Qd7 15.Nxf6+
Bxf6 16.Bd4 Bxd4 17.Qxd4 Qe7 18.Rad1 Rfd8 19.Re2 Rd7 20.Red2 Rad8 21.f3 
Qg5 22.Kh1 h6 23.a4 Qc5 24.axb5 Qxd4 25.Rxd4 axb5 26.Ra1 Kf8 27.Ra6 Rc7 
28.Kg1 Ke7 29.Rb4 Kd7 30.c3 Rcc8 31.Ra7+ Rc7 32.Ra3 Rcc8 33.Ra7+ Rc7 34.
Ra3 Rcc8 1/2-1/2

[Event "27th Capablanca Memorial"]
[Site "Matanzas City CUB"]
[Date "1992.??.??"]
[Round "5"]
[White "Calderin, Roberto"]
[Black "Pupo, Emilio"]
[Result "1-0"]
[WhiteElo "2415"]
[BlackElo "2395"]
[EventDate "1992.05.??"]
[PlyCount "97"]

1.d4 Nf6 2.Bg5 Ne4 3.Bf4 c5 4.d5 Qb6 5.Nd2 Nxd2 6.Bxd2 e5 7.Bc3 d6 8.e4 
Be7 9.Bd3 O-O 10.Nf3 Nd7 11.O-O Nf6 12.Nd2 Bg4 13.Qe1 Nh5 14.Be2 Bxe2 15.
Qxe2 Nf4 16.Qc4 Qc7 17.g3 Nh3+ 18.Kh1 Qd7 19.a4 Bg5 20.Qb5 Qe7 21.Kg2 Bxd2
22.Bxd2 Ng5 23.Rae1 f6 24.Qe2 Rae8 25.Qg4 Qd8 26.h4 Nf7 27.c4 Qb6 28.a5 
Qb3 29.Qe2 b5 30.axb6 axb6 31.Ra1 Ra8 32.Bc3 Ra4 33.Rxa4 Qxa4 34.Qd3 Ra8 
35.f4 Qb3 36.Qe2 Re8 37.Ra1 b5 38.cxb5 exf4 39.Ra3 Qxd5 40.exd5 Rxe2+ 41.
Kf3 Re8 42.gxf4 Kf8 43.Ra6 Rb8 44.b6 Nd8 45.Ke4 Ke7 46.Kd3 h5 47.Kc4 Kd7 
48.Kb5 Rb7 49.Ra8 1-0

[Event "27th Capablanca Memorial"]
[Site "Matanzas City CUB"]
[Date "1992.??.??"]
[Round "5"]
[White "Rivera, Alberto"]
[Black "Sisniega Campbell, Marcel"]
[Result "1/2-1/2"]
[WhiteElo "2425"]
[BlackElo "2525"]
[EventDate "1992.05.??"]
[PlyCount "127"]

1.d4 Nf6 2.Nf3 e6 3.c4 b6 4.a3 Ba6 5.Qc2 Bb7 6.Bg5 h6 7.Bh4 Be7 8.Nc3 d5 
9.Bxf6 Bxf6 10.cxd5 exd5 11.e3 O-O 12.Be2 c5 13.Rd1 Qe7 14.Qf5 Rd8 15.O-O 
g6 16.Qf4 Kg7 17.Rfe1 Nd7 18.Bb5 Nf8 19.Ba4 Ne6 20.Qg3 a6 21.Bb3 Rac8 22.
h4 h5 23.Ba2 b5 24.Bb1 Qc7 25.Ne5 Nf8 26.f4 Re8 27.Qf2 Qe7 28.g3 Rcd8 29.
Kh2 Kg8 30.Ne2 Bg7 31.Ng1 Bc8 32.Nc6 Qc7 33.Nxd8 Rxd8 34.f5 c4 35.Nh3 Nh7 
36.Qf4 Qb6 37.Ng5 Nf6 38.Kg1 Bxf5 39.Bxf5 gxf5 40.Qxf5 a5 41.Rf1 b4 42.
axb4 axb4 43.Qb1 Rd7 44.Rf4 Re7 45.Rdf1 Ne4 46.Nxe4 dxe4 47.Kh2 Qc6 48.Qc2
c3 49.bxc3 bxc3 50.Rc1 Bh6 51.Rff1 Bxe3 52.Qxc3 Qxc3 53.Rxc3 Bd2 54.Rc8+ 
Kg7 55.d5 e3 56.d6 Rd7 57.Re8 Rxd6 58.Kg2 f6 59.Kf3 Kf7 60.Re4 Re6 61.Rxe6
Kxe6 62.Rb1 Kf5 63.Rb5+ Kg6 64.Ke2 1/2-1/2

[Event "27th Capablanca Memorial"]
[Site "Matanzas City CUB"]
[Date "1992.??.??"]
[Round "5"]
[White "Hernandez, Gilberto"]
[Black "Lima, Darcy"]
[Result "1/2-1/2"]
[WhiteElo "2495"]
[BlackElo "2440"]
[EventDate "1992.05.??"]
[PlyCount "30"]

1.c4 e6 2.Nc3 d5 3.d4 dxc4 4.e3 a6 5.Bxc4 Nf6 6.a4 c5 7.Nf3 Qc7 8.Qe2 Nc6 
9.O-O Bd6 10.h3 O-O 11.Bd2 b6 12.Bd3 Bb7 13.Rac1 Qe7 14.Bb1 Rfd8 15.Rfd1 
Rac8 1/2-1/2

[Event "27th Capablanca Memorial"]
[Site "Matanzas City CUB"]
[Date "1992.??.??"]
[Round "5"]
[White "Gonzalez Bautista, Juan"]
[Black "Diaz Diaz, Joaquin"]
[Result "1-0"]
[WhiteElo "2380"]
[BlackElo "2455"]
[EventDate "1992.05.??"]
[PlyCount "80"]

1.d4 d5 2.c4 e6 3.Nc3 Nf6 4.Bg5 Be7 5.e3 h6 6.Bh4 O-O 7.Nf3 b6 8.Bd3 Bb7 
9.cxd5 Nxd5 10.Bxe7 Qxe7 11.Nxd5 Bxd5 12.O-O Nd7 13.Bb5 c6 14.Ba4 Rfd8 15.
Bb3 Bxb3 16.Qxb3 e5 17.Rfd1 e4 18.Nd2 c5 19.Qa3 Qe6 20.Nb3 c4 21.Nd2 Rdc8 
22.Qa6 Rc7 23.Rac1 Rac8 24.Rc3 Nb8 25.Qa4 a6 26.Qc2 f5 27.d5 Qxd5 28.Nxc4 
Qe6 29.Rd6 Qe7 30.Rxb6 Rd7 31.h3 Kh7 32.Qb3 Nc6 33.Qa4 Qh4 34.Rxa6 Qh5 35.
Rxc6 Qd1+ 36.Qxd1 Rxd1+ 37.Kh2 Rxc6 38.a4 Ra1 39.a5 Ra4 40.Nb6 Rxc3 1-0